00611nam a2200169Ia 450000500170000000800410001702000180005805000210007610000270009724500840012426000400020830000160024833700100026433800140027465001140028870000390040220231102151447.0121028s9999 xx 000 0 und d a84-415-2065-8 aQA76.57 T75 200610aTRIGO Aranda, Vicente. aMultimedia en tu PC para torpes c/ Vicente Trigo Aranda, Aurora Conde Martín aEspaña b: Anaya Multimediac2007 a383 paginas atexto asin medio aSistemas multimedia Medios digitales Gráficas por computadora Animación por computadora  aConde Martín, Aurora, coautorÌ